00746nas a2200217Ia 4500001001100000003000900011008004100020040001300061040001300074041001300087100005100100210001900151222001900170245015000189250001100339260002300350501008600373300002000459362001300479650003600492R415/38264IT-RoPAU151124c99999999xx |||||||||||| ||und|| aIT-RoPAU cIT-RoPAU aFRANCESE aHirsch Jean FrancoisgCodice Aut. SPICS: 24005 aMUSIQUE EN JEU aMusique En Jeu aMUSIQUE EN JEU (33) TUTTI FRUTTI. MUSIQUE CONTEMPORAINE AbHeloise Et Le Bel Art-A L'Occasion Du Bicentenaire De la Mort De Jean-Jacques Rousseau a1a ed. aPARISbSEUILc1978 bPaulus - SPICS - Società San Paolo EM (non-commercial uses only)cCopyright2015 a19 p. [109-127] aVOL.33,  aMUSICAvPUBBLICAZIONE PERIODICA